Poskytovanie investičných stimulov v Slovenskej republike: regionálny pohľad

Analýza dostupných údajov o investičných stimuloch v Slovenskej republike. Investičné stimuly a ich dalšie funkcie. Nástroj podpory investícií sa stáva významným najmä v prípade konkurenčného boja v regiónoch s podobnými podmienkami.

Guardado en:
Detalles Bibliográficos
Autor principal: Darmo, Ľubomír, 1984-
Formato: Capítulo de libro
Lenguaje:eslovaco
Materias:
Etiquetas: Agregar Etiqueta
Sin Etiquetas, Sea el primero en etiquetar este registro!

MARC

LEADER 00000nla a2200000 4500
001 0226370
005 20240604111553.9
041 0 |a slo 
044 |a SK 
245 1 0 |a Poskytovanie investičných stimulov v Slovenskej republike: regionálny pohľad  |c Ľubomír Darmo 
520 |a Analýza dostupných údajov o investičných stimuloch v Slovenskej republike. Investičné stimuly a ich dalšie funkcie. Nástroj podpory investícií sa stáva významným najmä v prípade konkurenčného boja v regiónoch s podobnými podmienkami. 
610 2 0 |a stimuly ekonomické 
610 2 0 |a rozmiestenie investícií 
610 2 0 |a vyrovnávanie rozdielov územných 
610 2 0 |a nástroje ekonomické 
610 2 0 |a investície priame zahraničné 
610 2 0 |a regióny 
610 2 0 |a Slovensko 
100 1 |a Darmo, Ľubomír, 1984-